Komunitné centrum

Saved in:
Bibliographic Details
Main Author: Pisarčíková, Silvia (Author)
Other Authors: Kosnáč, Pavel (Thesis advisor)
Format: Manuscript Book
Language:Slovak
Published: Bratislava 2020
Subjects:
Online Access:http://is.stuba.sk/zp/portal_zp.pl?podrobnosti=138952
Tags: Add Tag
No Tags, Be the first to tag this record!

MARC

LEADER 00000ntm a22000003a 4500
001 stuzp81290
003 SK-STU
005 20200810101812.2
007 ta
008 150427s2015----xo-----f-mn---000-0-slo-d
040 |a STU  |b slo 
041 0 |a slo 
100 1 |a Pisarčíková, Silvia  |u 051110  |4 aut  |U FAD Fakulta architektúry  |T FA Ústav architektúry obytných budov  |X 88025  |U A1110  |Y 392  |7 88025 
242 0 1 |a Community Center  |y eng 
245 1 0 |a Komunitné centrum 
260 |c 2020  |a Bratislava 
650 4 |a konzola  |2 slo 
650 4 |a komunitné centrum  |2 slo 
650 4 |a koncept  |2 slo 
650 4 |a center  |2 eng 
650 4 |a concreate  |2 eng 
650 4 |a meet peaple  |2 eng 
700 1 |a Kosnáč, Pavel  |u 051110  |k Z8  |4 ths  |U FAD Fakulta architektúry  |T FA Ústav architektúry obytných budov  |X 4204  |U A1110  |Y 392  |7 A000004204 
856 4 |u http://is.stuba.sk/zp/portal_zp.pl?podrobnosti=138952  |u https://opac.crzp.sk/?fn=detailBiblioForm&sid=2C8AB4190B6536A9D6801E7B1CEB